| 000 | 00776nas a2200217 a 4500 | ||
|---|---|---|---|
| 008 | 060925c20049999||||||||||||||||| || u | ||
| 050 | _aUNCTAD(08) | ||
| 100 | _aGrabel, Ilene | ||
| 245 | 1 | 0 |
_aTrip wires and speed bumps: managing financial risks and reducing the potential for financial crises in developing economies _cby Llene Grabel |
| 260 |
_aNew York: _bUNITED NATIONS _c2004 |
||
| 300 | _aix, 23p. :ill. | ||
| 350 | _a0.00 | ||
| 490 | _aG-24 Discussion Papers | ||
| 500 | _aIssue 33 | ||
| 650 | _aINTERNATIONAL FINANCE | ||
| 650 | 0 | _aFINANCE--DEVELOPING COUNTRIES | |
| 650 | _aCORPORATIONS--FINANCE | ||
| 650 | _aINTERNATIONAL TRADE--FINANCE | ||
| 650 | _aECONOMIC DEVELOPMENT--FINANCE | ||
| 710 | _aUnited Nations Conference on Trade and Development (UNCTAD) | ||
| 999 |
_c60447 _d60447 |
||